000 00754cam a22002411 4500
001 sa 68010034
003 DLC
005 20260227112549.0
008 850329s1966 ii ab 000 0 eng
010 _asa 68010034
025 _aPL480:I-E-7891
035 _a(OCoLC)11864034
040 _aDLC
_cHU
_dHU
_dDLC
042 _apremarc
043 _aa-ii---
050 0 0 _aS616.I4
_bA52
082 _a631.7/0954
110 1 _aIndia.
_bCommittee on Plan Projects.
_bMinor Irrigation Team.
245 1 0 _aAll-India review of minor irrigation works based on state-wide field studies.
260 _aNew Delhi,
_bCommittee on Plan Projects, Planning Commission, Irrigation Team,
_c1966.
300 _aii, 74 p.
_billus., maps.
650 0 _aIrrigation
_zIndia.
999 _c83283
_d83283